00657 2200241 4500001002100000005001700021008004100038020002200079035002400101040001200125082001300137084002300150100001400173245007300187260002900260300003000289650002000319700000900339850001200348990002100360990001700381990001700398INLIS00000000000848320160906144616.0  a978-979-29-4098-5 0010-071500000001166 aYOPDYOG a899.2213 aDEP 899.2213 Jen M aJENNI FIN aMama Papa kepo banget sih? apa itu x-boxc/ Jenni Fin ; editor Maya. aYogyakartabSheilac2013 a85 hlm.c: ilus.c; 19 cm aFiksi Indonesia aMaya aYOPDYOG aCB-D.112013-2090 a3329-KS/B.15 a3330-KS/B.15